Engaged writers and dynamic disciplines. Research on the academic writing life

Gespeichert in:
Bibliographische Detailangaben
Hauptverfasser: Thaiss, Chris (VerfasserIn), Zawacki, Tterry Myers (VerfasserIn)
Format: Buch
Sprache:Englisch
Veröffentlicht: Portsmouth Boynton-Cook 2006
Schlagworte:
Tags: Tag hinzufügen
Keine Tags, Fügen Sie den ersten Tag hinzu!

MARC

LEADER 00000nam a2200000 a 4500
001 UCI4092
003 CL-VaPUC
008 071221e20060000uk |||||||||||||||||eng|d
020 |a 0867095563 
082 0 4 |a 808.042  |b THA  |2 21 
100 0 |a Thaiss, Chris  |e author  |9 525766 
700 0 |a Zawacki, Tterry Myers  |e author  |9 525767 
245 1 0 |a Engaged writers and dynamic disciplines. Research on the academic writing life 
300 |a 186 p 
942 |c BK 
945 |d 20071221 00:00:00  |a rbrito 
260 |a Portsmouth  |b Boynton-Cook  |c 2006 
650 0 |a Inglés  |9 260023 
650 0 |a Retórica   |9 266620 
650 0 |a Enseñanza de idiomas  |9 339820 
650 0 |a Enseñanza del inglés  |9 367340 
650 7 |a ESCRITOS TECNICOS  |2 CL-VaPUC  |9 434103 
583 |a last modification  |c 20170824 01:35:04  |k Rodrigo Vera 
999 |c 328087  |d 328085 
952 |0 0  |1 0  |4 0  |6 808_042000000000000_THA_2006  |7 0  |8 A  |9 411818  |a FDOPOS  |b FDOPOS  |d 2019-11-22  |i 4397428  |o 808.042 THA 2006  |p 4397428  |r 2025-01-22  |w 2019-11-22  |y BK  |k MLA 
952 |0 0  |1 0  |4 0  |6 808_042000000000000_THA_2006  |7 0  |8 A  |9 411819  |a FDOPOS  |b FDOPOS  |d 2019-11-22  |i 4572068  |o 808.042 THA 2006  |p 4572068  |r 2025-01-22  |w 2019-11-22  |y BK  |k DLA